| Tag |
First Indicator |
Second Indicator |
Subfields |
| LEADER |
00000cam a2200000 a 4500 |
| 001 |
in00000009282 |
| 005 |
20151007051520.0 |
| 008 |
851230s1987 cau b 00000 eng |
| 010 |
|
|
|a 85082629
|
| 020 |
|
|
|a 0155640704
|
| 035 |
|
|
|a (OCoLC)15087904
|
| 035 |
|
|
|9 AAA3363AM
|
| 040 |
|
|
|a DLC
|c DLC
|d TXA
|d UtOrBLW
|
| 049 |
|
|
|a TXAM
|c [A12619147]
|
| 050 |
0 |
0 |
|a BJ1012
|b .M6352 1987
|
| 082 |
0 |
|
|a 170
|2 19
|
| 245 |
0 |
0 |
|a Moral philosophy :
|b selected readings /
|c George Sher ; under the general editorship of Robert J. Fogelin.
|
| 264 |
|
1 |
|a San Diego :
|b Harcourt Brace Jovanovich,
|c [1987]
|
| 264 |
|
4 |
|c ©1987
|
| 300 |
|
|
|a vii, 712 pages ;
|c 25 cm.
|
| 336 |
|
|
|a text
|b txt
|2 rdacontent
|
| 337 |
|
|
|a unmediated
|b n
|2 rdamedia
|
| 338 |
|
|
|a volume
|b nc
|2 rdacarrier
|
| 504 |
|
|
|a Includes bibliographical references.
|
| 650 |
|
0 |
|a Ethics.
|
| 700 |
1 |
|
|a Sher, George.
|
| 999 |
|
|
|a MARS
|
| 999 |
f |
f |
|s 557c173d-348b-3c87-be0c-b43e101118d7
|i 59f370d0-c2e3-38af-adcb-76abd62794ad
|t 0
|
| 952 |
f |
f |
|p ric
|a Texas A&M University
|b Rellis Campus
|c Joint Library Facility
|d Remote Storage
|t 0
|e BJ1012 .M6352 1987
|h Library of Congress classification
|i unmediated -- volume
|m A14812619147
|
| 998 |
f |
f |
|a BJ1012 .M6352 1987
|t 0
|l Remote Storage
|